Statistiques concernant Culture Générale - Série 1739

Cliquez ici pour prendre le quiz!

Statistiques générales

  • Ce quiz a été pris 128 fois
  • Le résultat moyen est 6 sur 10

Statistiques - réponses

QuestionRéponse% Correct
Quelle ville italienne a son équipe de football appelée "Juventus" ?Turin
98%
Quel pays a colonisé le Brésil ?Portugal
97%
Quel pays a posé un véhicule télécommandé sur la lune en 2013 ?Chine
75%
Quelle ville italienne a son équipe de football appelée "Sampdoria" ?Gênes
59%
Quel pays a eu un roi surnommé « Harald à la dent bleue » ?Norvège
59%
Quel pays a abrité l'une de nos plus vieilles ancêtres, « Lucy » ?Ethiopie
57%
Quelle est la divinité la plus ancienne dans la mythologie égyptienne ?
40%
Lors de la coupe du monde de rugby à XV en 1995, quelle équipe la Nouvelle Zélande a-t-elle battue par le score fleuve : 145-17 ?Japon
39%
Quelle île porte le nom indigène de Rapa Nui ?île de Pâques
35%
Quel site archéologique célèbre a été découvert en 1911 ?Machu Picchu
5%

Distribution des résultats

Percentile par nombre de réponses

% des personnes avec chaque résultat

Votre développement - résultats

Vous n’avez pas pris ce quiz